| 000 | 00616nam a2200241 a 4500 | ||
|---|---|---|---|
| 001 | nice12345678 | ||
| 003 | IN_TiNIC | ||
| 005 | 20260116012711.0 | ||
| 008 | 050524s1982 bata grp 000 0 eng | ||
| 020 |
_a _c35 |
||
| 082 | 0 | 0 |
_a291.092 _bMCM |
| 100 | _aMcmullem, Clarence O | ||
| 245 | _aConcept of Guru in Indian Religions. | ||
| 260 |
_aBatala _bFor Christian Instt. of Sikh Studies _c1982 |
||
| 300 | _a157p | ||
| 500 | _aincludes index and biblioraphy | ||
| 505 | 2 | _aIndex | |
| 650 | _aComparative Religion | ||
| 700 | 1 | _aMcmullem, Clarence O | |
| 902 | _bSRS | ||
| 942 | _cBK | ||
| 999 |
_c8013 _d8013 |
||